Fragen aus der Wissenschaft - Buchstabe N - Statistiken

Allgemein
  • Dieses Quiz wurde 122 mal gespielt
  • Das Durchschnittsergebnis liegt bei 14 aus 20
Antwortstatistiken
Hinweis Antwort % Korrekt
Achter und äußerster Planet des Sonnensystems Neptun
100%
Edelgas, Füllgas von Leuchtröhren Neon
97%
Ausgestorbener Verwandter des Homo sapiens Neandertaler
96%
Entsteht, wenn sich feuchte Luft in Bodennähe abkühlt Nebel
94%
Alles, was nicht vom Menschen geschaffen ist Natur
93%
Englischer Universalgelehrter - Gravitationsgesetz Isaac Newton
92%
Geschichtliche Epoche nach dem Mittelalter Neuzeit
92%
Wissenschaft von der Erkrankung des Nervensystems Neurologie
89%
Elementarteilchen als Baustein im Atomkern Neutron
88%
Nervengift zur Abwehr von Fressfeinden in Tabak Nikotin
84%
Chemische Formel für Kochsalz NaCl
78%
Schwedischer Chemiker und Erfinder des Dynamits Alfred Nobel
77%
Übermäßige Selbstbezogenheit und Eitelkeit Narzissmus
76%
Erste vollsynthetische Kunststoff-Faser Nylon
76%
Festgelegter Längengrad durch Greenwich, London Nullmeridian
70%
Philosophische Anschauung von der Sinnlosigkeit Nihilismus
35%
Wissenschaft von Münzen und Medaillen Numismatik
26%
Wissenschaft von Materie auf molekularer Ebene Nanotechnologie
10%
Deutscher Physiker und Chemiker - Elektrochemie Walther Nernst
6%
Ungarischer Mathematiker - selbstreplizierende Sonden John von Neumann
5%
Keine übereinstimmenden Quizze gefunden
Verteilung der Resultate
Anzahl Personen mit jedem Resultat
Perzentil nach korrekt beantworteten Fragen
Ihre Resultats-Entwicklung
Sie haben dieses Quiz noch nicht gespielt